Kreise of East Germany in 1990 on a Map - Statistics

General Stats
  • This quiz has been taken 68 times
  • The average score is 71 of 216
Answers on the Map
Answers color-coded by a green-red scale on the quiz's map according to % correct below.
 
Answer Stats
N Answer % Correct
b East Berlin
98%
l Leipzig
94%
l Leipzig-Land
94%
d Dresden
90%
d Dresden-Land
90%
p Potsdam
90%
p Potsdam-Land
90%
m Magdeburg
88%
r Rostock-Land
86%
f Frankfurt an der Oder
84%
r Rostock
84%
c Cottbus-Land
82%
sc Schwerin
82%
sc Schwerin-Land
82%
c Cottbus
80%
e Erfurt
80%
e Erfurt-Land
80%
h Halle
80%
p Brandenburg
78%
p Brandenburg-Land
78%
g Gera
78%
g Gera-Land
78%
k Karl-Marx-Stadt
78%
k Karl-Marx-Stadt-Land
78%
e Weimar
78%
g Jena
76%
g Jena-Land
76%
r Rügen
74%
e Weimar-Land
74%
n Neubrandenburg
72%
n Neubrandenburg-Land
72%
d Görlitz
70%
d Görlitz-Land
70%
r Stralsund
68%
r Stralsund-Land
68%
r Greifswald
64%
r Greifswald-Land
64%
k Zwickau
64%
k Zwickau-Land
64%
su Suhl
62%
su Suhl-Land
62%
r Wismar
62%
r Wismar-Land
62%
e Gotha
58%
f Eisenhüttenstadt
56%
f Eisenhüttenstadt-Land
56%
k Plauen
56%
k Plauen-Land
56%
h Dessau
52%
e Eisenach
52%
d Bautzen
48%
d Meißen
48%
e Nordhausen
46%
f Schwedt/Oder
46%
h Wittenberg
46%
l Altenburg
44%
su Meiningen
42%
p Oranienburg
42%
d Pirna
42%
m Stendal
42%
d Zittau
42%
k Freiberg
40%
sc Ludwigslust
40%
p Neuruppin
40%
n Neustrelitz
40%
sc Parchim
40%
k Aue
38%
f Eberswalde
38%
g Greiz
38%
c Hoyerswerda
38%
m Halberstadt
36%
e Sondershausen
36%
c Guben
34%
g Rudolstadt
34%
su Sonneberg
34%
n Waren
34%
sc Güstrow
32%
n Prenzlau
32%
h Quedlinburg
32%
k Annaberg
30%
f Bernau
30%
f Fürstenwalde
30%
p Königs Wusterhausen
30%
m Salzwedel
30%
m Wernigerode
30%
n Anklam
28%
e Arnstadt
28%
m Burg
28%
h Eisleben
28%
h Köthen
28%
h Merseburg
28%
e Mühlhausen
28%
h Roßlau
28%
r Bad Doberan
26%
h Bernburg
26%
h Bitterfeld
26%
su Hildburghausen
26%
h Naumburg
26%
n Pasewalk
26%
d Riesa
26%
g Saalfeld
26%
su Schmalkalden
26%
f Angermünde
24%
e Apolda
24%
c Forst
24%
d Freital
24%
su Ilmenau
24%
c Senftenberg
24%
e Sömmerda
24%
c Spremberg
24%
f Strausberg
24%
l Torgau
24%
r Wolgast
24%
h Zeitz
24%
l Delitzsch
22%
c Lübben
22%
p Luckenwalde
22%
p Nauen
22%
p Rathenow
22%
h Weißenfels
22%
c Weißwasser
22%
m Zerbst
22%
h Aschersleben
20%
n Demmin
20%
l Döbeln
20%
l Grimma
20%
n Ueckermünde
20%
c Finsterwalde
18%
p Jüterbog
18%
d Kamenz
18%
d Löbau
18%
l Oschatz
18%
m Oschersleben
18%
k Reichenbach
18%
h Sangerhausen
18%
k Auerbach
16%
su Bad Salzungen
16%
r Grevesmühlen
16%
e Heiligenstadt
16%
h Nebra
16%
r Ribnitz-Damgarten
16%
n Röbel/Müritz
16%
l Schmölln
16%
m Schönebeck
16%
f Seelow
16%
m Staßfurt
16%
n Templin
16%
p Wittstock
16%
p Zossen
16%
f Beeskow
14%
d Bischofswerda
14%
c Calau
14%
m Gardelegen
14%
m Genthin
14%
k Glauchau
14%
c Luckau
14%
d Niesky
14%
sc Perleberg
14%
h Querfurt
14%
g Schleiz
14%
k Schwarzenberg
14%
n Teterow
14%
f Bad Freienwalde
12%
d Großenhain
12%
sc Hagenow
12%
m Haldensleben
12%
c Herzberg
12%
c Jessen
12%
k Klingenthal
12%
e Langensalza
12%
n Malchin
12%
k Oelsnitz
12%
g Pößneck
12%
p Pritzwalk
12%
k Rochlitz
12%
d Sebnitz
12%
e Worbis
12%
h Artern
10%
c Bad Liebenwerda
10%
l Borna
10%
g Eisenberg
10%
sc Gadebusch
10%
h Gräfenhainichen
10%
p Gransee
10%
r Grimmen
10%
m Havelberg
10%
h Hettstedt
10%
p Kyritz
10%
g Lobenstein
10%
sc Lübz
10%
k Marienberg
10%
su Neuhaus am Rennweg
10%
m Osterburg
10%
n Strasburg
10%
m Wanzleben
10%
m Wolmirstedt
10%
l Wurzen
10%
p Belzig
8%
sc Bützow
8%
d Dippoldiswalde
8%
l Eilenburg
8%
l Geithain
8%
k Hainichen
8%
k Hohenstein-Ernstthal
8%
g Stadtroda
8%
k Stollberg
8%
k Werdau
8%
g Zeulenroda
8%
k Zschopau
8%
n Altentreptow
6%
k Brand-Erbisdorf
6%
k Flöha
6%
h Hohenmölsen
6%
m Klötze
6%
h Saalkreis
6%
sc Sternberg
6%
No matching quizzes found
Score Distribution
Percent of People with Each Score
Percentile by Number Answered
Your Score History
You have not taken this quiz